| 000 | 01726cam a2200313 a 4500 | ||
|---|---|---|---|
| 001 | 15288401 | ||
| 003 | ARRUPE | ||
| 005 | 20151021153831.0 | ||
| 008 | 080505s2008 miu b 001 0 eng | ||
| 010 | _a 2008019716 | ||
| 020 | _a9781587431371 (cloth) | ||
| 020 | _a1587431378 (cloth) | ||
| 035 | _a(OCoLC)ocn216937294 | ||
| 035 | _a(OCoLC)216937294 | ||
| 040 |
_aDLC _cDLC _dBTCTA _dBAKER _dYDXCP _dOCLCG _dC#P _dBWX _dCDX _dDLC |
||
| 050 | 0 | 0 |
_aBS1605.53 _b.C37 2008 |
| 082 | 0 | 0 |
_a224/.92077 _222 |
| 100 | 1 |
_aCary, Phillip, _d1958- _920445 |
|
| 245 | 1 | 0 |
_aJonah / _cPhillip Cary. |
| 260 |
_aGrand Rapids, Mich. : _bBrazos Press, _cc2008. |
||
| 300 |
_a187 p. ; _c24 cm. |
||
| 440 | 0 |
_aBrazos theological commentary on the Bible _920446 |
|
| 504 | _aIncludes bibliographical references and indexes. | ||
| 505 | 0 | _aIntroduction: Christian readers of a Jewish book -- Text -- Jonah 1: Jonah goes down and the ship is saved -- The Word of the Lord, Jonah, and the Gentiles (1:1-3) -- At wit's end (1:4-6) -- Finding out Jonah (1:7-10) -- The logic of redemption (1:11-17) -- Excursus : the sign of Jonah -- Jonah 2: Jonah's Psalm from the depths -- Jonah 3: The repentance of Nineveh -- Jonah calls and Nineveh believes (3:1-5) -- The king and God (3:6-10) -- Jonah 4: The repentance of the Lord -- Jonah contends with the Lord (4:1-4) -- The Parable of the Gourd (4:5-11) -- Epilogue: Jonah, Jacob, and the older brother. | |
| 630 | 0 | 0 |
_aBible. O.T. _pJonah _vCommentaries. _920447 |
| 906 |
_a7 _bcbc _corignew _d1 _eecip _f20 _gy-gencatlg |
||
| 942 |
_2lcc _cMONOGRAPH |
||
| 999 |
_c123583 _d123583 |
||